Appraising residential properties (Record no. 107949)
[ view plain ]
| 000 -LEADER | |
|---|---|
| fixed length control field | 01159cam a22002535a 4500 |
| 001 - CONTROL NUMBER | |
| control field | L142710 |
| 008 - FIXED-LENGTH DATA ELEMENTS--GENERAL INFORMATION | |
| fixed length control field | 080303s2007 xxk f 001 0 eng d |
| 020 ## - INTERNATIONAL STANDARD BOOK NUMBER | |
| International Standard Book Number | 9780922154920 |
| 035 ## - SYSTEM CONTROL NUMBER | |
| System control number | (Sirsi) u142710 |
| 041 0# - LANGUAGE CODE | |
| Language code of text/sound track or separate title | eng |
| 050 04 - LIBRARY OF CONGRESS CALL NUMBER | |
| Classification number | 333.3382 $2 22 |
| -- | 333.3320973 $2 18 |
| 110 2# - MAIN ENTRY--CORPORATE NAME | |
| Corporate name or jurisdiction name as entry element | Appraisal Institute |
| 9 (RLIN) | 2987 |
| 245 00 - TITLE STATEMENT | |
| Title | Appraising residential properties |
| 250 ## - EDITION STATEMENT | |
| Edition statement | 4th ed. |
| 260 ## - PUBLICATION, DISTRIBUTION, ETC. | |
| Place of publication, distribution, etc. | Chicago |
| Name of publisher, distributor, etc. | Appraisal Institute |
| Date of publication, distribution, etc. | 2007 |
| 300 ## - PHYSICAL DESCRIPTION | |
| Extent | x, 500p. |
| Dimensions | 27cm. |
| 350 ## - PRICE (NR) (BK AM CF MU VM SE) [OBSOLETE] | |
| Price | 49.50 |
| 520 ## - SUMMARY, ETC. | |
| Summary, etc. | This American text provides a full treatment of the techniques and procedures of residential property appraisal. Contains step-by-step instruction on the valuation process from initial inspection to final appraisal report. New information in this edition includes coverage of the use of statistics in real estate appraisal, real appraisal specialities, and automated valuation models. Also includes the ANSI/NAHB standard for measuring the size of houses. Bibliography. |
| 521 2# - TARGET AUDIENCE NOTE | |
| Target audience note | Advanced |
| 590 ## - LOCAL NOTE (RLIN) | |
| Local note | KA |
| 651 #4 - SUBJECT ADDED ENTRY--GEOGRAPHIC NAME | |
| Geographic name | United States |
| Chronological subdivision | 1959- |
| 690 ## - LOCAL SUBJECT ADDED ENTRY--TOPICAL TERM (OCLC, RLIN) | |
| Topical term or geographic name as entry element | PROPERTY-RESIDENTIAL PROPERTY-RESIDENTIAL PROPERTY APPRAISAL AND VALUATION |
| 942 ## - ADDED ENTRY ELEMENTS (KOHA) | |
| Suppress in OPAC | 0 |
| Withdrawn status | Lost status | Source of classification or shelving scheme | Damaged status | Not for loan | Home library | Current library | Shelving location | Date acquired | Cost, normal purchase price | Total Checkouts | Full call number | Barcode | Date last seen | Date last checked out | Copy number | Cost, replacement price | Price effective from | Koha item type |
|---|---|---|---|---|---|---|---|---|---|---|---|---|---|---|---|---|---|---|
| Dewey Decimal Classification | London | London | Books | 06/03/2008 | 49.50 | 6 | 333.3320973 APP | 30072665 | 06/08/2019 | 18/09/2009 | 1 | 49.50 | 06/08/2019 | Book |